[Event "HUN-chT4 1617"]
[Site "Hungary"]
[Date "2017.03.19"]
[Round "6.3"]
[White "Toth, Balazs"]
[Black "Kovacs, Dezso"]
[Result "1/2-1/2"]
[WhiteElo "1891"]
[BlackElo "1783"]
[PlyCount "84"]
[EventDate "2016.10.02"]
[EventType "team-tourn"]
[EventRounds "7"]
[EventCountry "HUN"]
[SourceTitle "EXT 2019"]
[Source "ChessBase"]
[SourceDate "2018.10.10"]
[SourceVersion "1"]
[SourceVersionDate "2018.10.10"]
[SourceQuality "1"]

1. e4 c6 2. Nf3 d5 3. Nc3 dxe4 4. Nxe4 Bf5 5. Ng3 Bg6 6. d4 Nf6 7. Bd3 Bxd3 8. Qxd3 e6 9. 0-0 Be7 10. Ne5 Nbd7 11. Qe2 0-0 12. Bg5 a6 13. Rad1 Nd5 14. Bxe7 Qxe7 15. f4 Nxe5 16. Qxe5 Qf6 17. Qe4 g6 18. c4 Nc7 19. Qe3 Rfe8 20. Ne4 Qe7 21. Qc3 f5 22. Ng5 h6 23. Nf3 Rad8 24. Ne5 Kh7 25. Kh1 c5 26. dxc5 Qg7 27. Rd6 Rc8 28. Rd7 Re7 29. Rfd1 Rce8 30. Qa5 Na8 31. Rxe7 Rxe7 32. Qd8 Nc7 33. Nd7 Ne8 34. Ne5 Nf6 35. g3 Ne4 36. Rd7 Rxd7 37. Nxd7 Qxb2 38. Nf8+ Kg7 39. Nxe6+ Kh7 40. Qe7+ Kh8 41. Qf8+ Kh7 42. Qf7+ Kh8 1/2-1/2

[Event "HUN-chT4 1617"]
[Site "Hungary"]
[Date "2017.01.15"]
[Round "4.4"]
[White "Toth, Balazs"]
[Black "Horvath, Gabor"]
[Result "1/2-1/2"]
[WhiteElo "1883"]
[BlackElo "1965"]
[PlyCount "21"]
[EventDate "2016.10.02"]
[EventType "team-tourn"]
[EventRounds "7"]
[EventCountry "HUN"]
[SourceTitle "EXT 2019"]
[Source "ChessBase"]
[SourceDate "2018.10.10"]
[SourceVersion "1"]
[SourceVersionDate "2018.10.10"]
[SourceQuality "1"]

1. e4 e5 2. Nf3 Nc6 3. Bb5 a6 4. Ba4 Nf6 5. d4 exd4 6. 0-0 Be7 7. Re1 0-0 8. e5 Ne8 9. c3 b5 10. Bc2 d5 11. Nxd4 1/2-1/2

[Event "HUN-chT4 1617"]
[Site "Hungary"]
[Date "2016.12.04"]
[Round "3.1"]
[White "Toth, Balazs"]
[Black "Csuta, Akos Koppany"]
[Result "0-1"]
[WhiteElo "1887"]
[BlackElo "2143"]
[PlyCount "68"]
[EventDate "2016.10.02"]
[EventType "team-tourn"]
[EventRounds "7"]
[EventCountry "HUN"]
[SourceTitle "EXT 2019"]
[Source "ChessBase"]
[SourceDate "2018.10.10"]
[SourceVersion "1"]
[SourceVersionDate "2018.10.10"]
[SourceQuality "1"]

1. e4 c5 2. Ne2 e6 3. d4 cxd4 4. Nxd4 Nc6 5. Nc3 Qc7 6. Ndb5 Qb8 7. Be3 a6 8. Bb6 axb5 9. Nxb5 Bb4+ 10. c3 Ba5 11. Nc7+ Qxc7 12. Bxc7 Bxc7 13. Qg4 g6 14. f4 Nf6 15. Qf3 Ra4 16. e5 Nd5 17. g3 Bb6 18. a3 Ne3 19. Bd3 Ke7 20. b3 Ra8 21. Kd2 Rd8 22. Rhe1 Nd5 23. Re4 d6 24. Ra2 Bc7 25. exd6+ Rxd6 26. Kc2 f5 27. Ra4 Rxa4 28. bxa4 Ba5 29. Bb5 Nxc3 30. Bxc6 Nxa2 31. Bb5 Rd2+ 32. Kb3 e5 33. Qe3 Be6+ 34. Bc4 Nc1# 0-1

[Event "HUN-chT4 1617"]
[Site "Hungary"]
[Date "2016.10.02"]
[Round "1.2"]
[White "Toth, Balazs"]
[Black "Major, Balazs"]
[Result "1-0"]
[WhiteElo "1890"]
[BlackElo "1719"]
[PlyCount "55"]
[EventDate "2016.10.02"]
[EventType "team-tourn"]
[EventRounds "7"]
[EventCountry "HUN"]
[SourceTitle "EXT 2019"]
[Source "ChessBase"]
[SourceDate "2018.10.10"]
[SourceVersion "1"]
[SourceVersionDate "2018.10.10"]
[SourceQuality "1"]

1. e4 c5 2. Nf3 Nc6 3. Bb5 d6 4. d4 cxd4 5. Qxd4 Bd7 6. Bxc6 bxc6 7. 0-0 Nf6 8. e5 Nd5 9. exd6 exd6 10. c4 Nc7 11. Bg5 Ne6 12. Qe4 Be7 13. Bxe7 Qxe7 14. Nc3 0-0 15. Nd4 Rac8 16. Nf5 Qg5 17. Nxd6 Rc7 18. Rad1 Nf4 19. g3 Ng6 20. f4 Qg4 21. c5 h5 22. f5 Qxe4 23. Ncxe4 Ne7 24. f6 Nd5 25. fxg7 Kxg7 26. Rde1 Be6 27. Ng5 Re7 28. Rf2 1-0

[Event "HUN-chT2 Asztalos 1516"]
[Site "Hungary"]
[Date "2016.04.17"]
[Round "11.12"]
[White "Sztupa, Mate"]
[Black "Toth, Balazs"]
[Result "1/2-1/2"]
[WhiteElo "1725"]
[BlackElo "1403"]
[PlyCount "45"]
[EventDate "2015.09.13"]
[EventType "team-tourn"]
[EventRounds "11"]
[EventCountry "HUN"]
[SourceTitle "EXT 2017"]
[Source "ChessBase"]
[SourceDate "2016.10.25"]
[SourceVersion "1"]
[SourceVersionDate "2016.10.25"]
[SourceQuality "1"]
[WhiteTeam "Sarosd"]
[BlackTeam "Pecs Karmin"]
[WhiteTeamCountry "HUN"]
[BlackTeamCountry "HUN"]

1. d4 d5 2. e4 c6 3. exd5 Qxd5 4. c4 Qd8 5. Nf3 Nf6 6. Nc3 Bg4 7. Be2 e6 8. a3 a5 9. 0-0 Bd6 10. Bg5 h6 11. Bh4 Nbd7 12. Qd2 Qb8 13. Bg3 Bxg3 14. fxg3 0-0 15. Kh1 Rd8 16. Rad1 Nb6 17. b3 c5 18. Qe3 cxd4 19. Rxd4 Qc7 20. Rfd1 Rxd4 21. Rxd4 Qe7 22. Nb5 Nbd7 23. Qd2 1/2-1/2

[Event "HUN-chT2 Breyer 1516"]
[Site "Hungary"]
[Date "2016.04.03"]
[Round "10.10"]
[White "Bartuszek, Andras"]
[Black "Toth, Balazs"]
[Result "1/2-1/2"]
[WhiteElo "1812"]
[BlackElo "1919"]
[PlyCount "44"]
[EventDate "2015.09.13"]
[EventType "team-tourn"]
[EventRounds "11"]
[EventCountry "HUN"]
[SourceTitle "EXT 2017"]
[Source "ChessBase"]
[SourceDate "2016.10.25"]
[SourceVersion "1"]
[SourceVersionDate "2016.10.25"]
[SourceQuality "1"]
[WhiteTeam "Kobanya Aquarena"]
[BlackTeam "Gyor UDSE"]
[WhiteTeamCountry "HUN"]
[BlackTeamCountry "HUN"]

1. e4 c5 2. Nf3 g6 3. d4 cxd4 4. Nxd4 Bg7 5. Nc3 Nc6 6. Be3 Nf6 7. Bc4 0-0 8. Bb3 d6 9. f3 Bd7 10. Qd2 Nxd4 11. Bxd4 a5 12. a4 Bc6 13. 0-0-0 Nd7 14. Bxg7 Kxg7 15. h4 h6 16. f4 h5 17. g4 Rh8 18. f5 Ne5 19. Rdf1 hxg4 20. h5 Qd7 21. Qd4 gxh5 22. Rfg1 f6 1/2-1/2

[Event "HUN-chT2 Breyer 1516"]
[Site "Hungary"]
[Date "2015.11.08"]
[Round "4.10"]
[White "Hajdu, Roland"]
[Black "Toth, Balazs"]
[Result "1/2-1/2"]
[WhiteElo "1826"]
[BlackElo "1919"]
[PlyCount "51"]
[EventDate "2015.09.13"]
[EventType "team-tourn"]
[EventRounds "11"]
[EventCountry "HUN"]
[SourceTitle "CBM 170 Extra"]
[Source "ChessBase"]
[SourceDate "2016.02.25"]
[SourceVersion "1"]
[SourceVersionDate "2016.02.25"]
[SourceQuality "1"]
[WhiteTeam "TTC Sakk"]
[BlackTeam "Gyor UDSE"]
[WhiteTeamCountry "HUN"]
[BlackTeamCountry "HUN"]

1. e4 c5 2. Nf3 g6 3. d4 cxd4 4. Qxd4 Nf6 5. e5 Nc6 6. Qc3 Nd5 7. Qb3 Nc7 8. Bc4 e6 9. Bg5 Be7 10. Bxe7 Qxe7 11. Nbd2 f6 12. exf6 Qxf6 13. Ne4 Qf4 14. Bd3 0-0 15. 0-0 d5 16. Nc3 Qg4 17. Be2 Qf4 18. g3 Qf6 19. Nb5 Nxb5 20. Qxb5 Rb8 21. c3 Bd7 22. Qc5 b6 23. Qd6 Rfd8 24. Rad1 Be8 25. Qf4 Qxf4 26. gxf4 1/2-1/2

[Event "HUN-chT2 Breyer 1415"]
[Site "Hungary"]
[Date "2015.01.25"]
[Round "7.11"]
[White "Toth, Balazs"]
[Black "Horvat, Sandor"]
[Result "1/2-1/2"]
[WhiteElo "1905"]
[BlackElo "1892"]
[PlyCount "31"]
[EventDate "2014.09.07"]
[EventType "team-tourn"]
[EventRounds "11"]
[EventCountry "HUN"]
[SourceTitle "EXT 2016"]
[Source "ChessBase"]
[SourceDate "2015.10.08"]
[SourceVersion "1"]
[SourceVersionDate "2015.10.08"]
[SourceQuality "1"]
[WhiteTeam "Gyor UDSE"]
[BlackTeam "Sarkany DSE"]
[WhiteTeamCountry "HUN"]
[BlackTeamCountry "HUN"]

1. e4 c5 2. Nc3 Nc6 3. Nge2 a6 4. g3 g6 5. Bg2 Bg7 6. 0-0 e6 7. d3 Nge7 8. Be3 Nd4 9. Qd2 d6 10. Nd1 0-0 11. c3 Nxe2+ 12. Qxe2 Bd7 13. f4 Qc7 14. g4 f5 15. Nf2 Rae8 16. Rfd1 1/2-1/2

[Event "HUN-chT2 Breyer 1415"]
[Site "Hungary"]
[Date "2014.10.12"]
[Round "?"]
[White "Rozsnyai, Tibor"]
[Black "Toth, Balazs"]
[Result "1/2-1/2"]
[WhiteElo "2032"]
[BlackElo "1905"]
[PlyCount "24"]
[EventDate "2014.09.07"]
[EventType "team-tourn"]
[EventRounds "11"]
[EventCountry "HUN"]
[SourceTitle "EXT 2016"]
[Source "ChessBase"]
[SourceDate "2015.10.08"]
[SourceVersion "1"]
[SourceVersionDate "2015.10.08"]
[SourceQuality "1"]
[WhiteTeam "MAFC"]
[BlackTeam "Gyor UDSE"]
[WhiteTeamCountry "HUN"]
[BlackTeamCountry "HUN"]

1. c4 e6 2. Nc3 d5 3. d4 c5 4. e3 Nf6 5. Nf3 Nc6 6. Be2 Be7 7. 0-0 0-0 8. dxc5 dxc4 9. Bxc4 Qa5 10. a3 Qxc5 11. Be2 Rd8 12. Qc2 Nd5 1/2-1/2

[Event "HUN-chT2 Breyer 1213"]
[Site "Hungary"]
[Date "2013.01.27"]
[Round "7.7"]
[White "Szabo, Zsolt"]
[Black "Toth, Balazs"]
[Result "1-0"]
[WhiteElo "2183"]
[BlackElo "1965"]
[PlyCount "67"]
[EventDate "2012.09.16"]
[EventType "team-tourn"]
[EventRounds "11"]
[EventCountry "HUN"]
[SourceTitle "EXT 2014"]
[Source "ChessBase"]
[SourceDate "2013.11.20"]
[SourceVersion "1"]
[SourceVersionDate "2013.11.20"]
[SourceQuality "1"]
[WhiteTeam "Husi"]
[BlackTeam "Gyor Komszomol"]
[WhiteTeamCountry "HUN"]
[BlackTeamCountry "HUN"]

1. d4 d5 2. Nf3 Nf6 3. Bf4 c6 4. c3 e6 5. e3 Be7 6. Nbd2 0-0 7. Bd3 Nbd7 8. 0-0 a5 9. Bg3 b6 10. Ne5 Nxe5 11. dxe5 Ne8 12. e4 Ba6 13. Bxa6 Rxa6 14. exd5 cxd5 15. a4 Nc7 16. Nb3 Bc5 17. Kh1 Qg5 18. Qd3 Qg6 19. Qe2 Ra7 20. f3 Rc8 21. Bf2 Bxf2 22. Rxf2 f5 23. Nd4 Qe8 24. f4 Qd7 25. g4 g6 26. gxf5 gxf5 27. Rg2+ Kh8 28. Rag1 Na6 29. Nb5 Raa8 30. Nd6 Rf8 31. Qh5 Nc5 32. Qh6 d4 33. Rg7 Qc6+ 34. R1g2 1-0

[Event "HUN-chT4 1112"]
[Site "Hungary"]
[Date "2011.12.18"]
[Round "4.4"]
[White "Kulmany, Istvan Mihaly"]
[Black "Toth, Balazs"]
[Result "1-0"]
[WhiteElo "2073"]
[BlackElo "1975"]
[PlyCount "61"]
[EventDate "2011.09.11"]
[EventType "team-tourn"]
[EventRounds "9"]
[EventCountry "HUN"]
[SourceTitle "EXT 2016"]
[Source "ChessBase"]
[SourceDate "2015.10.08"]
[SourceVersion "1"]
[SourceVersionDate "2015.10.08"]
[SourceQuality "1"]

1. d4 Nf6 2. c4 c5 3. d5 e6 4. Nc3 exd5 5. cxd5 d6 6. Nf3 g6 7. Nd2 Bg7 8. e4 0-0 9. Be2 Re8 10. 0-0 a6 11. a4 Nbd7 12. Re1 Rb8 13. Qc2 Ne5 14. h3 h6 15. f4 Ned7 16. Nc4 Nb6 17. Ne3 Nh7 18. a5 Nd7 19. Nc4 Qf6 20. Be3 g5 21. Rf1 Qe7 22. e5 dxe5 23. d6 Qd8 24. Bd3 Nhf8 25. fxg5 hxg5 26. Qf2 f6 27. Bxg5 e4 28. Nxe4 Ne5 29. Nxe5 Rxe5 30. Nxf6+ Bxf6 31. Bxf6 1-0

[Event "HUN-chT2 Breyer 1112"]
[Site "Hungary"]
[Date "2011.09.26"]
[Round "1.8"]
[White "Toth, Balazs"]
[Black "Draga, Balazs"]
[Result "1/2-1/2"]
[WhiteElo "1975"]
[BlackElo "1905"]
[PlyCount "38"]
[EventDate "2011.09.25"]
[EventType "team-tourn"]
[EventRounds "11"]
[EventCountry "HUN"]
[SourceTitle "EXT 2013"]
[Source "ChessBase"]
[SourceDate "2012.11.22"]
[SourceVersion "1"]
[SourceVersionDate "2012.11.22"]
[SourceQuality "1"]
[WhiteTeam "Gyor Komszomol"]
[BlackTeam "Zoltek"]
[WhiteTeamCountry "HUN"]
[BlackTeamCountry "HUN"]

1. e4 e6 2. d4 d5 3. exd5 exd5 4. Bd3 Bd6 5. Qe2+ Qe7 6. Be3 Be6 7. Nf3 Nf6 8. 0-0 0-0 9. Nbd2 Nbd7 10. Rae1 Rfe8 11. Qd1 Ng4 12. c3 Nxe3 13. fxe3 f5 14. c4 c6 15. Qb3 b6 16. cxd5 cxd5 17. Bb5 Rec8 18. Bxd7 Qxd7 19. Ng5 Re8 1/2-1/2

[Event "HUN-chT2 Toth 1112"]
[Site "Hungary"]
[Date "2011.09.25"]
[Round "1.5"]
[White "Toth, Balazs"]
[Black "Joo, Janos"]
[Result "1-0"]
[WhiteElo "1921"]
[BlackElo "2038"]
[PlyCount "73"]
[EventDate "2011.09.25"]
[EventType "team-tourn"]
[EventRounds "11"]
[EventCountry "HUN"]
[SourceTitle "EXT 2013"]
[Source "ChessBase"]
[SourceDate "2012.11.22"]
[SourceVersion "1"]
[SourceVersionDate "2012.11.22"]
[SourceQuality "1"]
[WhiteTeam "Keviterv"]
[BlackTeam "Mako"]
[WhiteTeamCountry "HUN"]
[BlackTeamCountry "HUN"]

1. e4 c5 2. Nf3 e6 3. d4 cxd4 4. Nxd4 Nf6 5. Bd3 Nc6 6. Nxc6 bxc6 7. 0-0 Bc5 8. e5 Nd5 9. Nd2 Nf4 10. Ne4 Nxd3 11. Qxd3 Be7 12. Nd6+ Bxd6 13. Qxd6 Qe7 14. Rd1 Qxd6 15. Rxd6 f6 16. Bf4 Rg8 17. Bg3 f5 18. h4 Rb8 19. b3 Rb5 20. c4 Rb8 21. f4 g6 22. Bf2 Rb7 23. Rad1 h6 24. Be3 Kf7 25. Kf2 Rd8 26. Rxc6 Ke8 27. Rcd6 Rc7 28. h5 Ke7 29. hxg6 Rg8 30. g4 fxg4 31. f5 exf5 32. Rf6 Rc6 33. Rdd6 Rxd6 34. Bc5 Bb7 35. Bxd6+ Ke8 36. g7 g3+ 37. Kg1 1-0

[Event "HUN-chT2 Asztalos 1011"]
[Site "Hungary"]
[Date "2010.10.10"]
[Round "3.12"]
[White "Rekasi, Zsolt"]
[Black "Toth, Balazs"]
[Result "1-0"]
[WhiteElo "1688"]
[BlackElo "1778"]
[PlyCount "59"]
[EventDate "2010.09.12"]
[EventType "team-tourn"]
[EventRounds "11"]
[EventCountry "HUN"]
[SourceTitle "EXT 2012"]
[Source "ChessBase"]
[SourceDate "2011.11.24"]
[SourceVersion "1"]
[SourceVersionDate "2011.11.24"]
[SourceQuality "1"]
[WhiteTeam "Baja"]
[BlackTeam "Pecs Karmin"]
[WhiteTeamCountry "HUN"]
[BlackTeamCountry "HUN"]

1. e4 c5 2. Nf3 Nc6 3. d4 cxd4 4. Nxd4 e5 5. Nxc6 bxc6 6. Nc3 Bb4 7. Bd2 Nf6 8. Qf3 d6 9. h3 Qb6 10. a3 Bc5 11. Na4 Qb7 12. Bg5 Nd7 13. Bc4 Nb6 14. Nxc5 dxc5 15. Ba2 0-0 16. 0-0 h6 17. Bh4 Qc7 18. Qg3 Ba6 19. Rfe1 Bc4 20. b3 Be6 21. Bf6 g6 22. Bxe5 Qd7 23. Rad1 Qb7 24. Qh4 Kh7 25. Bf4 h5 26. Qg5 Kg8 27. Qf6 Nd7 28. Rxd7 Qxd7 29. Bh6 Qd4 30. e5 1-0

[Event "HUN-chT2 Breyer 0910"]
[Site "Hungary"]
[Date "2010.03.21"]
[Round "8"]
[White "Toth, Balazs"]
[Black "Farkas, Balint"]
[Result "0-1"]
[WhiteElo "1810"]
[BlackElo "2046"]
[PlyCount "62"]
[EventDate "2009.11.08"]
[EventType "team-tourn"]
[EventRounds "11"]
[EventCountry "HUN"]
[SourceTitle "EXT 2011"]
[Source "ChessBase"]
[SourceDate "2010.11.26"]
[SourceVersion "1"]
[SourceVersionDate "2010.11.26"]
[SourceQuality "1"]
[WhiteTeam "Gyor Komszomol"]
[BlackTeam "Geniusz Tata"]
[WhiteTeamCountry "HUN"]
[BlackTeamCountry "HUN"]

1. f4 d5 2. Nf3 Nc6 3. g3 g6 4. Bg2 Bg7 5. 0-0 Nf6 6. c3 0-0 7. d3 Bg4 8. Qc2 Bxf3 9. Rxf3 e5 10. f5 Ne7 11. fxg6 fxg6 12. e4 dxe4 13. dxe4 c6 14. Bg5 Qb6+ 15. Be3 Qc7 16. h3 b6 17. Nd2 Rad8 18. Raf1 Qd6 19. Nc4 Qe6 20. b3 Kh8 21. Kh2 Neg8 22. Bg5 h6 23. Bc1 Kh7 24. Ba3 c5 25. Ne3 Ne7 26. Re1 h5 27. Bc1 Bh6 28. Rf2 h4 29. Nf1 Bxc1 30. Qxc1 hxg3+ 31. Nxg3 Ng4+ 0-1